GeoGuessr : Connaissez-vous vos métas ? #2 - Statistiques

Statistiques générales
  • Ce quiz a été pris 222 fois
  • Le résultat moyen est 6 sur 15
Statistiques - réponses
Par images Réponse % Correct
Italie
86%
Islande
69%
Turquie
69%
Sénégal
50%
Portugal
49%
Cambodge
46%
Thaïlande
38%
Lettonie
36%
Hongrie
32%
Suède
29%
Lituanie
27%
Laos
25%
Sri Lanka
15%
Bermudes
12%
Curaçao
12%
Aucun quiz correspondant
Distribution des résultats
% des personnes avec chaque résultat
Percentile par nombre de réponses
Votre historique - résultats
Vous n’avez pas pris ce quiz